Normal view
MARC view
Entry Personal Name
001 - CONTROL NUMBER
- control field: 89407
003 - CONTROL NUMBER IDENTIFIER
- control field: dpl
005 - DATE AND TIME OF LATEST TRANSACTION
- control field: 20260617104315.0
008 - FIXED-LENGTH DATA ELEMENTS
- fixed length control field: 260617|| aca||aabn | a|a d
040 ## - CATALOGING SOURCE
- Original cataloging agency: dpl
- Transcribing agency: dpl
100 ## - HEADING--PERSONAL NAME
- Personal name: Nishter,Nanak Singh
670 ## - SOURCE DATA FOUND
- Source citation: Work cat.: (dpl)216706: Nishter,Nanak Singh, Sikh-Muslim Relations/, 2015
